000 00614nam a22001937a 4500
005 20161110142003.0
010 _aENG-116508
020 _a9789350980316
_c750.00
035 _aEN-100040
037 _bDBAD/PUB
082 _a954
100 _aChatterjee,Chhanda
245 _aTagore and the Sikh Gurus :
_cby Chhanda Chatterjee
_ba seach for an indigenous modernity /
260 _aNew Delhi
_bManohar Publisher & Distributors
_c2014
270 _a4753/23 Ansari Road,Daryaganj
_bNew Delhi
_e110002
300 _a200p.
_c22cm (Hb)
500 _aIncludes index
942 _2ddc
_cEN
_h954
_mCHA
999 _c104562
_d104562